XVIII Congreso Ciencias del Mar

সংরক্ষণ করুন:
গ্রন্থ-পঞ্জীর বিবরন
সংস্থা লেখক: Universidad Arturo Prat (Author), Sociedad Chilena de Ciencias del Mar (Author)
বিন্যাস: গ্রন্থ
ভাষা:স্প্যানিশ
প্রকাশিত: Iquique Universidad Arturo Prat 1998
সংস্করন:1a. ed
বিষয়গুলি:
ট্যাগগুলো: ট্যাগ যুক্ত করুন
কোনো ট্যাগ নেই, প্রথমজন হিসাবে ট্যাগ করুন!

MARC

LEADER 00000cam a2200000 a 4500
001 UCC8244
003 CL-VaPUC
005 20220908074436.0
008 190617e19980000cl 1 spa d
082 0 4 |a 551.46  |b UNI  |2 21 
110 2 |a Universidad Arturo Prat  |e author  |9 622398 
710 2 |a Sociedad Chilena de Ciencias del Mar  |e author  |9 622399 
245 1 0 |a XVIII Congreso Ciencias del Mar 
250 |a 1a. ed 
260 |a Iquique  |b Universidad Arturo Prat  |c 1998 
300 |a 223 p 
583 |a last modification  |c 20190617 11:18:00  |k Rodrigo Vera 
650 0 0 |a Acuicultura  |9 258883 
650 0 7 |a CIENCIAS DEL MAR  |2 CL-VaPUC  |9 261896 
650 0 0 |a Congresos  |9 257560 
650 0 0 |a Recursos marinos  |9 261196 
942 |c BK 
945 |a dcastane  |d 20190617 11:18:00 
546 |a En Español 
536 |a Universidad Arturo Prat 
518 |p Congreso Ciencias del Mar, 18, Iquique, 4-8 de mayo de 1998 
999 |c 384967  |d 384965